|
|
|
|
| LEADER |
00000nam a2200000Ia 4500 |
| 008 |
180312b1997 u ||||| |||| 00| | spa d |
| 999 |
|
|
|c 1638
|d 1638
|
| 090 |
|
|
|a 06.02.03
|b 926
|
| 110 |
2 |
|
|a Banco Interamericano de Desarrollo. Departamento de Programas Sociales y Desarrollo Sostenible. División de Programas Sociales
|9 3474
|
| 245 |
1 |
0 |
|a Seminario sobre reforma educativa en América Latina /
|c Claudio de Moura Castro, Martin Carnoy, editores
|
| 260 |
|
|
|a Washington, D.C. :
|b El Banco,
|c 1997
|
| 300 |
|
|
|a 145 páginas
|
| 650 |
1 |
4 |
|a REFORMA DE LA EDUCACIÓN
|9 7
|
| 650 |
1 |
4 |
|a EVALUACIÓN
|9 287
|
| 650 |
1 |
4 |
|a DOCENTES
|9 331
|
| 650 |
1 |
4 |
|a EDUCACIÓN SECUNDARIA
|9 456
|
| 650 |
1 |
4 |
|a CONFERENCIA
|9 506
|
| 700 |
1 |
|
|a Moura Castro , Claudio de
|9 3475
|
| 700 |
1 |
|
|a Carnoy, Martin
|9 2514
|
| 942 |
|
|
|i 001493
|h 06.02.03 926
|2 z
|c 01
|